[Event "ITA-chT GpA 54th"]
[Site "Bacoli"]
[Date "2023.04.26"]
[Round "2"]
[White "Borgo, Giulio"]
[Black "Dvirnyy, Danyyil"]
[Result "1/2-1/2"]
[WhiteElo "2348"]
[BlackElo "2541"]
[PlyCount "69"]
[EventDate "2023.04.25"]
[EventType "team-tourn"]
[EventRounds "7"]
[EventCountry "ITA"]
[SourceTitle "CBM 213 Extra"]
[Source "ChessBase"]
[SourceDate "2023.05.31"]
[SourceVersion "1"]
[SourceVersionDate "2023.05.31"]
[SourceQuality "1"]
[WhiteTeam "Cerianese Scacchistica"]
[BlackTeam "Padova Obiettivo"]
[WhiteTeamCountry "ITA"]
[BlackTeamCountry "ITA"]

1. e4 c5 2. Nf3 Nc6 3. Bb5 e6 4. 0-0 Nge7 5. Re1 a6 6. Bf1 d5 7. exd5 Nxd5 8. d4 Be7 9. a3 0-0 10. dxc5 Bxc5 11. b4 Be7 12. c4 Nf6 13. Bd3 b6 14. Bb2 Bb7 15. Nc3 Nb8 16. Qe2 Nbd7 17. Ne4 h6 18. Ne5 Nxe5 19. Bxe5 Bxe4 20. Bxe4 Ra7 21. Rad1 Qc8 22. Bf3 a5 23. Rb1 axb4 24. axb4 Ra4 25. Rec1 Rxb4 26. Rxb4 Bxb4 27. Bxf6 gxf6 28. Qb2 Be7 29. Qxb6 Bc5 30. Qb2 Kg7 31. g3 Rd8 32. Rd1 Rxd1+ 33. Bxd1 Qc7 34. Bf3 Qb6 35. Qxb6 1/2-1/2

[Event "ITA-chTB 53rd"]
[Site "Montesilvano"]
[Date "2022.04.20"]
[Round "2.1"]
[White "Borgo, Giulio"]
[Black "Boraso, Alessio"]
[Result "1-0"]
[WhiteElo "2345"]
[BlackElo "2297"]
[PlyCount "55"]
[EventDate "2022.04.19"]
[EventType "team-tourn"]
[EventRounds "7"]
[EventCountry "ITA"]
[SourceTitle "CBM 207 Extra"]
[Source "ChessBase"]
[SourceDate "2022.05.31"]
[SourceVersion "1"]
[SourceVersionDate "2022.05.31"]
[SourceQuality "1"]
[WhiteTeam "Cerianese Scacchistica"]
[BlackTeam "Milan Accademia"]
[WhiteTeamCountry "ITA"]
[BlackTeamCountry "ITA"]

1. e4 c5 2. Nf3 e6 3. b3 b6 4. Bd3 Nc6 5. 0-0 Bb7 6. Re1 Qc7 7. Bf1 Nf6 8. Bb2 d6 9. c4 e5 10. Nc3 Bc8 11. h3 g5 12. Nxg5 Rg8 13. f4 h6 14. Nf3 Bxh3 15. Nd5 Qd8 16. fxe5 Ng4 17. exd6 Qxd6 18. e5 Qg6 19. Nf4 Qf5 20. Nxh3 Nd4 21. Bxd4 cxd4 22. Qe2 d3 23. Qe4 Bc5+ 24. Kh1 Qh5 25. Qxa8+ Ke7 26. Qxg8 Nf2+ 27. Kh2 Ng4+ 28. Kg3 1-0

[Event "Arco op 43rd"]
[Site "Arco"]
[Date "2021.10.14"]
[Round "6"]
[White "Borgo, Giulio"]
[Black "Lohia, Sohum"]
[Result "1/2-1/2"]
[WhiteElo "2353"]
[BlackElo "1993"]
[PlyCount "141"]
[EventDate "2021.10.09"]
[EventType "swiss"]
[EventRounds "9"]
[EventCountry "ITA"]
[SourceTitle "CBM 204 Extra"]
[Source "ChessBase"]
[SourceDate "2021.11.30"]
[SourceVersion "1"]
[SourceVersionDate "2021.11.30"]
[SourceQuality "1"]

1. Nf3 Nf6 2. c4 e6 3. b3 d5 4. Bb2 Be7 5. e3 0-0 6. Be2 c5 7. 0-0 Nc6 8. cxd5 Nxd5 9. Na3 b6 10. Nc4 Bb7 11. Qb1 Bf6 12. Rd1 b5 13. Nce5 Qc7 14. Nxc6 Qxc6 15. Rc1 Rac8 16. a4 b4 17. Ra2 Rfd8 18. Ba1 Bxa1 19. Qxa1 Nf6 20. Rac2 Ne4 21. Qb2 Qd5 22. Ne1 Qg5 23. Bf3 Ba8 24. Bxe4 Bxe4 25. Rc4 Bb7 26. h4 Qd5 27. Nf3 Qh5 28. Ne1 Qd5 29. R1c2 h5 30. d4 cxd4 31. Rxc8 Rxc8 32. Rxc8+ Bxc8 33. exd4 Bb7 34. f3 a5 35. Nd3 Qd6 36. Ne5 Qc7 37. Kf2 Bd5 38. g3 Qc3 39. Qxc3 bxc3 40. Ke3 Bxb3 41. Nc6 Bxa4 42. Nxa5 Bb5 43. Nb7 Kf8 44. Nc5 Ke7 45. Ne4 c2 46. Kd2 Bd3 47. Nf2 Be2 48. Kxc2 Bxf3 49. Kd2 f6 50. Ke3 Bc6 51. g4 hxg4 52. Nxg4 Be8 53. Kf4 Kd6 54. Ne3 Bh5 55. Kg3 g5 56. hxg5 fxg5 57. Kh3 Kc6 58. Kg3 Kb5 59. Kf2 Kc6 60. Kg3 Kd6 61. Kh3 Ke7 62. Kg3 Kf6 63. Kh3 Bg6 64. Kg3 Bf5 65. Kf3 Kg6 66. Kg3 Kf7 67. d5 exd5 68. Nxf5 Ke6 69. Kg4 Kf6 70. Nd4 Ke5 71. Nf3+ 1/2-1/2

[Event "Palmanova op 7th"]
[Site "Palmanova"]
[Date "2018.12.08"]
[Round "3"]
[White "Borgo, Giulio"]
[Black "Beletic, Daniel"]
[Result "0-1"]
[WhiteElo "2410"]
[BlackElo "2365"]
[PlyCount "110"]
[EventDate "2018.12.07"]
[EventType "swiss"]
[EventRounds "5"]
[EventCountry "ITA"]
[SourceTitle "CBM 187 Extra"]
[Source "ChessBase"]
[SourceDate "2018.11.04"]
[SourceVersion "1"]
[SourceVersionDate "2018.11.04"]
[SourceQuality "1"]

1. e4 g6 2. d4 Bg7 3. Nf3 d6 4. h3 Nf6 5. Nc3 0-0 6. Be3 a6 7. a4 Nc6 8. Qd2 e5 9. dxe5 dxe5 10. 0-0-0 Qe7 11. Bc4 Qb4 12. Bb3 Na5 13. Ba2 Be6 14. b3 Nc6 15. Ng5 Rfd8 16. Qe1 b5 17. Rxd8+ Rxd8 18. Kb2 Bf8 19. Nxe6 fxe6 20. Bg5 Kg7 21. Nb1 Qd6 22. axb5 axb5 23. f3 Ra8 24. Qd2 Nb4 25. Nc3 Qa6 26. Ra1 Bc5 27. Be3 Qa7 28. Bxc5 Qxc5 29. Bb1 Rxa1 30. Kxa1 c6 31. Kb2 Qd4 32. Kc1 Nh5 33. Ne2 Qc5 34. Kb2 Qe7 35. c3 Na6 36. g4 Nf6 37. Bc2 Nd7 38. f4 exf4 39. Nxf4 e5 40. Nd3 c5 41. Qe3 c4 42. bxc4 bxc4 43. Ne1 Nac5 44. Nf3 Qf6 45. Kc1 Qf8 46. Nd2 h6 47. Kd1 Qd6 48. Ke2 Qa6 49. g5 h5 50. Qg1 Qa3 51. Qe3 Qc1 52. Bb1 Ne6 53. h4 Ndc5 54. Kf2 Nf4 55. Nf1 Qxb1 0-1

[Event "Ortisei Server24 op 4th"]
[Site "Ortisei"]
[Date "2018.06.22"]
[Round "7"]
[White "Borgo, Giulio"]
[Black "Pruijssers, Roeland"]
[Result "0-1"]
[WhiteElo "2397"]
[BlackElo "2514"]
[PlyCount "82"]
[EventDate "2018.06.16"]
[EventType "tourn"]
[EventRounds "9"]
[EventCountry "ITA"]
[SourceTitle "CBM 185 Extra"]
[Source "ChessBase"]
[SourceDate "2018.07.29"]
[SourceVersion "1"]
[SourceVersionDate "2018.07.29"]
[SourceQuality "1"]

1. e4 d5 2. exd5 Qxd5 3. Nc3 Qa5 4. d4 Nf6 5. Bc4 Bg4 6. Nge2 e6 7. Bd2 Qb6 8. 0-0 Nbd7 9. Be3 c6 10. h3 Bxe2 11. Qxe2 Qxb2 12. Qd3 Qa3 13. Rab1 b5 14. Bb3 a5 15. Bc1 Qd6 16. a4 b4 17. Ne2 Qc7 18. f4 Bd6 19. f5 e5 20. g4 h6 21. Qf3 0-0 22. h4 exd4 23. g5 hxg5 24. hxg5 Nd5 25. Kg2 Be5 26. Rh1 Rfe8 27. Bd2 g6 28. Rbf1 gxf5 29. Qh5 Nf8 30. Rxf5 Bg7 31. Ng3 Re6 32. Rxd5 cxd5 33. Nf5 Qe5 34. Nxg7 Qxg7 35. Bxd5 Rc8 36. Bxe6 Nxe6 37. Re1 Qh7 38. Qg4 Rxc2 39. Re2 Qd3 40. g6 Qxe2+ 41. Qxe2 Nf4+ 0-1

[Event "Ortisei Server24 op 4th"]
[Site "Ortisei"]
[Date "2018.06.21"]
[Round "6"]
[White "Moroder, Stefan"]
[Black "Borgo, Giulio"]
[Result "0-1"]
[WhiteElo "2183"]
[BlackElo "2397"]
[PlyCount "144"]
[EventDate "2018.06.16"]
[EventType "tourn"]
[EventRounds "9"]
[EventCountry "ITA"]
[SourceTitle "CBM 185 Extra"]
[Source "ChessBase"]
[SourceDate "2018.07.29"]
[SourceVersion "1"]
[SourceVersionDate "2018.07.29"]
[SourceQuality "1"]

1. e4 e6 2. d4 d5 3. Nc3 Nf6 4. e5 Nfd7 5. Nce2 c5 6. c3 Nc6 7. Nf3 cxd4 8. cxd4 f6 9. Nf4 Bb4+ 10. Bd2 Qe7 11. exf6 gxf6 12. Bd3 0-0 13. 0-0 Qf7 14. Re1 Nb6 15. Bxb4 Nxb4 16. Re3 Nxd3 17. Rxd3 Kh8 18. Qe2 Bd7 19. Rc3 Rae8 20. Nd3 Bb5 21. b3 Qh5 22. a4 Bd7 23. Re1 Rg8 24. Rc7 Re7 25. g3 Reg7 26. Nf4 Qg4 27. Qe3 Nc8 28. h3 Qf5 29. Nh4 Qg5 30. Kh2 Re8 31. Nf3 Qh6 32. Nd3 Qxe3 33. Rxe3 Nd6 34. Nc5 Bc8 35. Rxg7 Kxg7 36. Nd2 Kf7 37. g4 Ke7 38. Kg2 Kd8 39. Rc3 e5 40. dxe5 fxe5 41. Nd3 Re7 42. f3 b6 43. Nb4 Bb7 44. Nc6+ Bxc6 45. Rxc6 Kd7 46. Rc1 Rf7 47. a5 Nb7 48. axb6 axb6 49. Ra1 Kc6 50. Ra8 Nd6 51. h4 Kc5 52. Rd8 Nb7 53. Re8 Kd4 54. g5 b5 55. b4 Nd6 56. Re6 Nc4 57. Nb3+ Ke3 58. Nc5 Rxf3 59. Nd7 Rf2+ 60. Kg3 Rf3+ 61. Kg2 Rf2+ 62. Kg3 e4 63. Nf6 Rf3+ 64. Kg2 Kd4 65. Nxh7 Ne3+ 66. Kh2 Rf4 67. Kg3 Rf3+ 68. Kh2 Nf5 69. g6 Rf4 70. Nf6 Rxh4+ 71. Kg2 Rh6 72. Ng4 Rxg6 0-1

[Event "Ortisei Server24 op 4th"]
[Site "Ortisei"]
[Date "2018.06.20"]
[Round "5"]
[White "Borgo, Giulio"]
[Black "Tarlev, Konstantin"]
[Result "0-1"]
[WhiteElo "2397"]
[BlackElo "2552"]
[PlyCount "86"]
[EventDate "2018.06.16"]
[EventType "tourn"]
[EventRounds "9"]
[EventCountry "ITA"]
[SourceTitle "CBM 185 Extra"]
[Source "ChessBase"]
[SourceDate "2018.07.29"]
[SourceVersion "1"]
[SourceVersionDate "2018.07.29"]
[SourceQuality "1"]

1. e4 c5 2. Nf3 e6 3. c4 Nc6 4. d4 cxd4 5. Nxd4 Nf6 6. Nc3 Bb4 7. Nxc6 bxc6 8. Bd3 e5 9. 0-0 0-0 10. Bg5 h6 11. Bh4 Bc5 12. Kh1 g5 13. Bg3 d6 14. Rb1 Rb8 15. a3 a5 16. Qa4 Qb6 17. b4 axb4 18. axb4 Bxb4 19. c5 Qxc5 20. Na2 Qd4 21. f3 Qxd3 22. Nxb4 Qb5 23. Qxb5 cxb5 24. Rfd1 Ne8 25. Nc6 Rb7 26. Be1 f5 27. Nd8 Rc7 28. Ba5 Rc2 29. exf5 Bxf5 30. Rxb5 g4 31. Nb7 Bd7 32. Rb3 gxf3 33. gxf3 Bc6 34. Rg1+ Kh7 35. Rg3 Bd5 36. Rb1 Rxf3 37. Rxf3 Bxf3+ 38. Kg1 Rg2+ 39. Kf1 Rxh2 40. Rb6 Bxb7 41. Rxb7+ Kg6 42. Re7 Ng7 43. Bb4 Nf5 0-1

[Event "Zuerich op-A 41st"]
[Site "Zuerich"]
[Date "2017.12.30"]
[Round "7"]
[White "Wagner, Dennis"]
[Black "Borgo, Giulio"]
[Result "1-0"]
[WhiteElo "2566"]
[BlackElo "2391"]
[PlyCount "83"]
[EventDate "2017.12.26"]
[EventType "swiss"]
[EventRounds "7"]
[EventCountry "SUI"]
[SourceTitle "CBM 182 Extra"]
[Source "ChessBase"]
[SourceDate "2018.02.23"]
[SourceVersion "1"]
[SourceVersionDate "2018.02.23"]
[SourceQuality "1"]

1. e4 e6 2. d4 d5 3. Nc3 Nf6 4. e5 Nfd7 5. f4 c5 6. Nf3 Nc6 7. Be3 cxd4 8. Nxd4 Qb6 9. Qd2 Qxb2 10. Rb1 Qa3 11. Bb5 Nxd4 12. Bxd4 a6 13. Bxd7+ Bxd7 14. Rb3 Qe7 15. Rxb7 Rc8 16. 0-0 Qd8 17. Ne2 Rc4 18. Rfb1 Be7 19. Ra7 Bb5 20. Nc3 Rb4 21. Rxb4 Bxb4 22. f5 0-0 23. f6 h6 24. a3 Ba5 25. Qe3 Qb8 26. Qg3 g5 27. Qh3 Kh7 28. Qxe6 Be8 29. Qxa6 Bxc3 30. Qd3+ Kg8 31. Qxc3 Qb1+ 32. Kf2 Bb5 33. Kg3 Qd1 34. h3 Bf1 35. e6 Qe2 36. exf7+ Kh8 37. Qf3 Qe1+ 38. Qf2 Qe4 39. Re7 Qh4+ 40. Kh2 Qxf2 41. Bxf2 Bb5 42. Bc5 1-0

[Event "Zuerich op-A 41st"]
[Site "Zuerich"]
[Date "2017.12.27"]
[Round "2"]
[White "Georgescu, Lena"]
[Black "Borgo, Giulio"]
[Result "1-0"]
[WhiteElo "2192"]
[BlackElo "2391"]
[PlyCount "69"]
[EventDate "2017.12.26"]
[EventType "swiss"]
[EventRounds "7"]
[EventCountry "SUI"]
[SourceTitle "EXT 2019"]
[Source "ChessBase"]
[SourceDate "2018.10.10"]
[SourceVersion "1"]
[SourceVersionDate "2018.10.10"]
[SourceQuality "1"]

1. e4 e6 2. d4 d5 3. Nc3 Nf6 4. Bg5 Be7 5. e5 Nfd7 6. h4 h6 7. Be3 c5 8. Qg4 Kf8 9. Nf3 Nc6 10. 0-0-0 cxd4 11. Bxd4 Qa5 12. Kb1 Bc5 13. Nb5 Bxd4 14. Nbxd4 Qc7 15. Qxe6 Nxd4 16. Nxd4 Qxe5 17. Qxe5 Nxe5 18. Bb5 Ng4 19. Rhe1 Nf6 20. f3 h5 21. Ne2 Bf5 22. Nf4 Rc8 23. Re2 Rc5 24. Rxd5 Rxd5 25. Nxd5 Be6 26. Nf4 Bd7 27. Bxd7 Nxd7 28. c4 Rh6 29. b3 Rf6 30. Nd5 Rf5 31. Kc2 Nc5 32. Nc7 g5 33. hxg5 Rxg5 34. Kc3 Ne6 35. Rxe6 1-0

[Event "Palmanova op 6th"]
[Site "Palmanova"]
[Date "2017.12.10"]
[Round "6"]
[White "Korneev, Oleg"]
[Black "Borgo, Giulio"]
[Result "1/2-1/2"]
[WhiteElo "2549"]
[BlackElo "2391"]
[PlyCount "83"]
[EventDate "2017.12.07"]
[EventType "swiss"]
[EventRounds "6"]
[EventCountry "ITA"]
[SourceTitle "CBM 182 Extra"]
[Source "ChessBase"]
[SourceDate "2018.02.23"]
[SourceVersion "1"]
[SourceVersionDate "2018.02.23"]
[SourceQuality "1"]

1. e4 d6 2. d4 Nf6 3. Nc3 e5 4. Nf3 exd4 5. Nxd4 Be7 6. g3 Nc6 7. Bg2 Nxd4 8. Qxd4 c6 9. 0-0 0-0 10. a4 Qa5 11. h3 Be6 12. Bd2 Qb6 13. Be3 Qxd4 14. Bxd4 Nd7 15. Rfe1 Ne5 16. f4 Nd7 17. b3 f6 18. Nd5 Bd8 19. Ne3 Re8 20. Bf1 Ba5 21. Red1 Nc5 22. Nc4 Bc7 23. Bxc5 dxc5 24. Nd6 Bxd6 25. Rxd6 Kf8 26. Rad1 a5 27. Kf2 Ke7 28. R6d2 Rad8 29. Ke3 Rxd2 30. Rxd2 Rd8 31. Rxd8 Kxd8 32. f5 Bf7 33. c4 Ke7 34. Kf4 Kd6 35. g4 h6 36. h4 Be8 37. Be2 Bf7 38. e5+ fxe5+ 39. Ke4 g5 40. h5 Bg8 41. Ke3 Ke7 42. Ke4 1/2-1/2

[Event "Lugano op"]
[Site "Lugano"]
[Date "2017.11.04"]
[Round "2"]
[White "Salvetti, Alec"]
[Black "Borgo, Giulio"]
[Result "1-0"]
[WhiteElo "2194"]
[BlackElo "2392"]
[PlyCount "79"]
[EventDate "2017.11.03"]
[EventType "swiss"]
[EventRounds "5"]
[EventCountry "SUI"]
[SourceTitle "CBM 181 Extra"]
[Source "ChessBase"]
[SourceDate "2017.12.12"]
[SourceVersion "1"]
[SourceVersionDate "2017.12.12"]
[SourceQuality "1"]

1. c4 e6 2. e4 c5 3. d4 cxd4 4. Qxd4 Nf6 5. Nf3 Nc6 6. Qe3 Qa5+ 7. Bd2 Bc5 8. Bxa5 Bxe3 9. Bc3 Bc5 10. Bxf6 gxf6 11. Nc3 Rg8 12. a3 a5 13. Na4 b6 14. Nxc5 bxc5 15. g3 Bb7 16. Bd3 f5 17. 0-0 f4 18. e5 Ne7 19. Nd2 Rg5 20. Rfe1 fxg3 21. fxg3 h5 22. Nb3 Nc6 23. Nxc5 Nxe5 24. Rxe5 Rxe5 25. Nxb7 Rb8 26. Nd6+ Ke7 27. Nb5 h4 28. Kf2 hxg3+ 29. hxg3 Rh8 30. b4 axb4 31. axb4 Rh2+ 32. Kf3 Rb2 33. Rb1 Rd2 34. Rb3 Re1 35. Nd4 f5 36. b5 Kf6 37. b6 e5 38. Nxf5 Rxd3+ 39. Rxd3 Rb1 40. Ne3 1-0

[Event "Palmanova op 5th"]
[Site "Palmanova"]
[Date "2016.12.09"]
[Round "2"]
[White "Borgo, Giulio"]
[Black "Simonetto, Andrea"]
[Result "1-0"]
[WhiteElo "2356"]
[BlackElo "2087"]
[PlyCount "55"]
[EventDate "2016.12.08"]
[EventType "swiss"]
[EventRounds "6"]
[EventCountry "ITA"]
[SourceTitle "CBM 176 Extra"]
[Source "ChessBase"]
[SourceDate "2017.03.02"]
[SourceVersion "1"]
[SourceVersionDate "2017.03.02"]
[SourceQuality "1"]

1. c4 Nf6 2. Nf3 e6 3. g3 d5 4. d4 dxc4 5. Bg2 Nbd7 6. 0-0 a6 7. Bg5 Be7 8. Nfd2 Rb8 9. Nxc4 0-0 10. Nc3 b6 11. e4 Bb7 12. Bf4 Rc8 13. Rc1 b5 14. Na5 Ba8 15. e5 Nd5 16. Nxd5 exd5 17. Nb3 c5 18. dxc5 Nxc5 19. Bh3 Rc6 20. Nd4 Rb6 21. b4 Ne6 22. Nxe6 Rxe6 23. Bxe6 fxe6 24. Qd4 g5 25. Bd2 Rf5 26. Rc2 Qb8 27. Rfc1 Rf8 28. h4 1-0